书目信息 |
| 题名: |
现代新尚别墅设计典藏
|
|
| 作者: | ;理想·宅 编 | |
| 分册: | ||
| 出版信息: | 北京 化学工业出版社 2016.4 |
|
| 页数: | 156页 | |
| 开本: | 26cm | |
| 丛书名: | ||
| 单 册: | ||
| 中图分类: | TU241.1 | |
| 科图分类: | ||
| 主题词: | 别墅--建筑设计--世界--图集 | |
| 电子资源: | ||
| ISBN: | 978-7-122-26332-2 | |
| 000 | 00960nam0 2200229 450 | |
| 001 | 0400003056 | |
| 005 | 20171021180953.0 | |
| 010 | @a978-7-122-26332-2@dCNY58.00 | |
| 100 | @a20160506d2016 em y0chiy50 ea | |
| 101 | 0 | @achi |
| 102 | @aCN@b110000 | |
| 105 | @aa z 000yy | |
| 106 | @ar | |
| 200 | 1 | @a现代新尚别墅设计典藏@9xian dai xin shang bie shu she ji dian cang@f理想·宅编 |
| 210 | @a北京@c化学工业出版社@d2016.4 | |
| 215 | @a156页@c彩图@d26cm | |
| 330 | @a本书精选10余套港台及内地新贵别墅设计案例,按照“时代风尚”和“写意简约”分为两部分。其中“时代风尚”力求表现突破传统,创造革新的现代风情别墅内景;“写意简约”则摹画出简约而不简单的品质别墅内景。书中每一部分均将体现该风格的设计元素进行归纳总结,力求为读者呈现最直观的设计要素,以便快速掌握风格塑造要领。 | |
| 606 | 0 | @a别墅@x建筑设计@y世界@j图集 |
| 690 | @aTU241.1@v5 | |
| 711 | 02 | @a理想·宅@9li xiang · zhai@4编 |
| 801 | 0 | @aCN@b91MARC@c20171021 |
| 905 | @b1033241-5@dTU241.1@f5@e1163 | |
| 现代新尚别墅设计典藏/理想·宅编.-北京:化学工业出版社,2016.4 |
| 156页:彩图;26cm |
| ISBN 978-7-122-26332-2:CNY58.00 |
| 本书精选10余套港台及内地新贵别墅设计案例,按照“时代风尚”和“写意简约”分为两部分。其中“时代风尚”力求表现突破传统,创造革新的现代风情别墅内景;“写意简约”则摹画出简约而不简单的品质别墅内景。书中每一部分均将体现该风格的设计元素进行归纳总结,力求为读者呈现最直观的设计要素,以便快速掌握风格塑造要领。 |
| ● |
| 相关链接 |
|
|
|
|
正题名:现代新尚别墅设计典藏
索取号:TU241.1/1163
 
预约/预借
| 序号 | 登录号 | 条形码 | 馆藏地/架位号 | 状态 | 备注 |
| 1 | 1033241 | 210332415 | 第二样本阅览室/ [索取号:TU241.1/1163] | 在馆 | |
| 2 | 1033242 | 210332424 | 密集书库-生命科学系/ [索取号:TU241.1/1163] | 在馆 | |
| 3 | 1033243 | 210332433 | 第三借阅区/ [索取号:TU241.1/1163] | 在馆 | |
| 4 | 1033244 | 210332442 | 第三借阅区/ [索取号:TU241.1/1163] | 在馆 | |
| 5 | 1033245 | 210332451 | 第三借阅区/ [索取号:TU241.1/1163] | 在馆 |